<?xml version="1.0" encoding="UTF-8"?>
<record
    xmlns:xsi="http://www.w3.org/2001/XMLSchema-instance"
    xsi:schemaLocation="http://www.loc.gov/MARC21/slim http://www.loc.gov/standards/marcxml/schema/MARC21slim.xsd"
    xmlns="http://www.loc.gov/MARC21/slim">

  <leader>02024nam a22002297a 4500</leader>
  <controlfield tag="005">20230109115025.0</controlfield>
  <controlfield tag="008">230106b           ||||| |||| 00| 0 eng d</controlfield>
  <datafield tag="020" ind1=" " ind2=" ">
    <subfield code="a">9789352137695</subfield>
  </datafield>
  <datafield tag="040" ind1=" " ind2=" ">
    <subfield code="c">AL</subfield>
  </datafield>
  <datafield tag="041" ind1=" " ind2=" ">
    <subfield code="a">eng</subfield>
  </datafield>
  <datafield tag="082" ind1=" " ind2=" ">
    <subfield code="2">23</subfield>
    <subfield code="a">005.8</subfield>
    <subfield code="b">RUSM</subfield>
  </datafield>
  <datafield tag="100" ind1=" " ind2=" ">
    <subfield code="a">Matthew A Russell</subfield>
    <subfield code="9">68801</subfield>
  </datafield>
  <datafield tag="245" ind1=" " ind2=" ">
    <subfield code="a">Mining the Social Web</subfield>
  </datafield>
  <datafield tag="250" ind1=" " ind2=" ">
    <subfield code="a">3rd ed.</subfield>
  </datafield>
  <datafield tag="260" ind1=" " ind2=" ">
    <subfield code="a">New Delhi</subfield>
    <subfield code="b">Shroff Publishers and distributors</subfield>
    <subfield code="c">2019</subfield>
  </datafield>
  <datafield tag="300" ind1=" " ind2=" ">
    <subfield code="a">xxiv,399p.</subfield>
    <subfield code="b">PB</subfield>
    <subfield code="c">23x18cm.</subfield>
  </datafield>
  <datafield tag="365" ind1=" " ind2=" ">
    <subfield code="2">General</subfield>
    <subfield code="a">QWWC-19717</subfield>
    <subfield code="b">&#x20B9;875.00</subfield>
    <subfield code="c">&#x20B9;</subfield>
    <subfield code="d">&#x20B9;875.00</subfield>
    <subfield code="f">29-12-2022</subfield>
  </datafield>
  <datafield tag="520" ind1=" " ind2=" ">
    <subfield code="a">All Indian reprints of O'Reilly are printed in grayscale.mine the rich data tucked away in popular social web sites such as Twitter, face book, linked in, and Instagram. With the third edition of this popular guide, data scientists, analysts, and programmers will learn how to glean insights from social media&#x2014;including who&#x2019;s connecting with whom, what they're talking about, and where they're located&#x2014;using Python code examples, Jupyter notebooks, or Docker containers.&lt;Br&gt; In part one, each stand alone. Chapter focuses on one aspect of the social landscape, including each of the major social sites, as well as web pages, blog and feeds, mailboxes, GitHub, and a newly added br&gt;Chapter covering Instagram. Part two provides a cookbook with two dozen bite-size recipes for solving particular issues with Twitter. &lt;Br&gt; &lt;beget a straightforward synopsis of the social web landscape
Use Docker to easily run each chapter example code, packaged as a Jupiter notebookAdapt and contribute to the code&#x2019;s open source GitHub repositoryLearn how to employ best-in-class Python 3 tools to slice and Dice the data you collectApply advanced mining techniques such as tfidf, cosine similarity, collocation analysis, clique detection, and image recognition
Build beautiful data visualisations with Python and JavaScript toolkit &lt;/br&gt;.</subfield>
  </datafield>
  <datafield tag="650" ind1=" " ind2=" ">
    <subfield code="2"> Computer programming, programs and data</subfield>
    <subfield code="a">Computer programming</subfield>
    <subfield code="9">68986</subfield>
  </datafield>
  <datafield tag="700" ind1=" " ind2=" ">
    <subfield code="a">Klassen Mikhail</subfield>
    <subfield code="9">68802</subfield>
  </datafield>
  <datafield tag="942" ind1=" " ind2=" ">
    <subfield code="2">ddc</subfield>
    <subfield code="c">BK</subfield>
  </datafield>
  <datafield tag="999" ind1=" " ind2=" ">
    <subfield code="c">226314</subfield>
    <subfield code="d">226314</subfield>
  </datafield>
  <datafield tag="952" ind1=" " ind2=" ">
    <subfield code="0">0</subfield>
    <subfield code="1">0</subfield>
    <subfield code="2">ddc</subfield>
    <subfield code="4">0</subfield>
    <subfield code="7">0</subfield>
    <subfield code="8">MAJMC</subfield>
    <subfield code="a">SACPG</subfield>
    <subfield code="b">SACPG</subfield>
    <subfield code="d">2023-01-06</subfield>
    <subfield code="e">Amazon.in</subfield>
    <subfield code="g">875.00</subfield>
    <subfield code="l">0</subfield>
    <subfield code="o">005.8 RUSM</subfield>
    <subfield code="p">PG024144</subfield>
    <subfield code="r">2023-01-06 00:00:00</subfield>
    <subfield code="v">875.00</subfield>
    <subfield code="w">2023-01-06</subfield>
    <subfield code="y">BK</subfield>
  </datafield>
</record>
